Liedtext Layla - Statistiken

Allgemein
  • Dieses Quiz wurde 2.002 mal gespielt
  • Das Durchschnittsergebnis liegt bei 236 aus 289
Antwortstatistiken
Wort % Korrekt
La
99%
la
99%
Layla
98%
ist
93%
Puff
93%
schon
93%
Er
92%
er
92%
Geile
92%
geile
92%
Ich
92%
ich
92%
Sie
92%
sie
92%
Junge
91%
und
91%
heißt
90%
mein
90%
Mein
90%
schöne
89%
hab
88%
Puffmama
88%
geiler
87%
jünger
87%
schöner
86%
meine
82%
Die
80%
die
80%
ein
79%
da
76%
'nen
76%
wunderschöne
71%
der
70%
Das
66%
das
66%
an
64%
in
63%
Mann
63%
mich
62%
mir
62%
stand
60%
zu
60%
Neulich
58%
schaute
58%
sagte
57%
dich
56%
für
56%
komm
56%
Stadt
56%
sehr
55%
du
54%
glücklich
54%
her
54%
seine
54%
mal
53%
nicht
53%
Revier
53%
Was
53%
hat
51%
Laden
51%
Geheimnis
49%
den
48%
Hey
47%
wollte
44%
wusste
44%
von
43%
war
39%
Haar
38%
Wir
38%
es
37%
glaubst
37%
sah
37%
blondes
36%
ging
36%
dir
35%
Figur
34%
Luder
34%
sage
34%
Gesicht
31%
nur
31%
sehen
31%
seinem
31%
aus
30%
unsre
30%
Dann
29%
Grinsen
29%
lieben
29%
Nähe
29%
um
27%
auch
25%
geschehen
25%
Keine übereinstimmenden Quizze gefunden
Verteilung der Resultate
Anzahl Personen mit jedem Resultat
Perzentil nach korrekt beantworteten Fragen
Ihre Resultats-Entwicklung
Sie haben dieses Quiz noch nicht gespielt